[Event "8th GM"]
[Site "Banja Luka BIH"]
[Date "2007.07.29"]
[Round "8"]
[White "Ilincic, Z."]
[Black "Savanovic, A."]
[Result "1-0"]
[WhiteElo "2509"]
[BlackElo "2432"]
[PlyCount "47"]
[EventDate "2007.07.22"]

1. d4 d5 2. c4 e6 3. Nf3 Nf6 4. g3 dxc4 5. Bg2 c5 6. O-O Nc6 7. Qa4 Bd7 8. Qxc4
b5 9. Qd3 Rc8 10. dxc5 Bxc5 11. a3 Ng4 12. Nc3 Nce5 13. Nxe5 Nxe5 14. Qe4 Nc4
15. Rd1 Qf6 16. Bf4 Bc6 17. Qxc6+ Rxc6 18. Bxc6+ Ke7 19. Ne4 Qxb2 20. Nxc5 Rc8
21. Nd3 Qxe2 22. Bxb5 Qh5 23. Ba6 Rc6 24. Nb4 1-0

[Event "8th GM"]
[Site "Banja Luka BIH"]
[Date "2007.07.29"]
[Round "8"]
[White "Vukic, M."]
[Black "Solodovnichenko, Y."]
[Result "1-0"]
[WhiteElo "2481"]
[BlackElo "2582"]
[PlyCount "129"]
[EventDate "2007.07.22"]

1. Nf3 c5 2. c4 Nf6 3. g3 b6 4. Bg2 Bb7 5. O-O e6 6. b3 Be7 7. Bb2 O-O 8. Nc3
a6 9. e3 d6 10. d4 cxd4 11. Nxd4 Bxg2 12. Kxg2 Qc8 13. f4 Ra7 14. Qf3 Rc7 15.
Rac1 Nc6 16. Nxc6 Rxc6 17. g4 Nd7 18. g5 Re8 19. h4 Bf8 20. h5 f5 21. e4 Rc5
22. Rcd1 Qc7 23. Rfe1 b5 24. exf5 Rxf5 25. Nd5 Qc8 26. Ne3 Rc5 27. Bd4 Rc7 28.
f5 Ne5 29. Bxe5 dxe5 30. f6 e4 31. Qxe4 Rc5 32. Nd5 exd5 33. f7+ Kxf7 34. Qxe8+
Qxe8 35. g6+ hxg6 36. hxg6+ Kxg6 37. Rxe8 Kf7 38. Ra8 bxc4 39. Rf1+ Ke6 40.
Rfxf8 Ra5 41. bxc4 dxc4 42. Rac8 Rxa2+ 43. Kf3 Ra4 44. Ke4 Ke7 45. Kd4 c3+ 46.
Kxc3 Rg4 47. Rce8+ Kd7 48. Ra8 Ke7 49. Rfb8 Kf7 50. Rxa6 Re4 51. Rb7+ Kg8 52.
Rg6 Kh8 53. Kd3 Re8 54. Rg1 Ra8 55. Re7 Ra3+ 56. Ke4 Rh3 57. Kf5 Rf3+ 58. Kg6
Rf6+ 59. Kg5 Kg8 60. Rge1 Kh7 61. Rh1+ Kg8 62. Re8+ Kf7 63. Rhh8 Rg6+ 64. Kf5
Rf6+ 65. Ke5 1-0

[Event "8th GM"]
[Site "Banja Luka BIH"]
[Date "2007.07.29"]
[Round "8"]
[White "Ruck, R."]
[Black "Jakovljevic, Vlado"]
[Result "1-0"]
[WhiteElo "2563"]
[BlackElo "2440"]
[PlyCount "151"]
[EventDate "2007.07.22"]

1. Nf3 c5 2. c4 Nf6 3. Nc3 d5 4. cxd5 Nxd5 5. d4 Nxc3 6. bxc3 g6 7. e3 Bg7 8.
Bd3 Nc6 9. O-O O-O 10. Ba3 cxd4 11. cxd4 Qa5 12. Qb3 Be6 13. Qb2 Rfc8 14. Rfc1
Rab8 15. Rc5 Qd8 16. Rac1 Bg4 17. Be4 Bd7 18. h3 e6 19. Nd2 Bf8 20. R5c3 Bxa3
21. Qxa3 Na5 22. Bf3 Rxc3 23. Rxc3 a6 24. Qb2 b5 25. Rc5 Rc8 26. Ne4 Nc4 27.
Qc3 f6 28. Be2 Nb6 29. Qa5 Kg7 30. Nd6 Nd5 31. Qxd8 Rxd8 32. e4 Nb6 33. Rc7 Kg8
34. e5 fxe5 35. dxe5 Nd5 36. Ra7 Bc6 37. Rxa6 Nc3 38. Bf1 Bd5 39. a3 Rb8 40.
Ra7 b4 41. axb4 Rxb4 42. f3 Rb2 43. Ne8 h6 44. Nf6+ Kf8 45. Rc7 Nd1 46. Nh7+
Kg8 47. Nf6+ Kf8 48. Nxd5 exd5 49. Bd3 Ne3 50. e6 Rb6 51. Rf7+ Ke8 52. Bxg6
Rxe6 53. Rf6+ Ke7 54. Rxe6+ Kxe6 55. Kf2 Nc4 56. Bd3 Ne5 57. Ke3 Nc6 58. f4 Kf6
59. g4 Nd8 60. h4 Ne6 61. Bf5 Nc5 62. Bb1 Ne6 63. Ba2 Nc7 64. Bb3 Ke6 65. Ba4
Na6 66. Bb5 Nc7 67. Bd3 Kd6 68. Bf5 Ke7 69. Kd4 Kd6 70. Ke3 Ke7 71. g5 hxg5 72.
fxg5 Ne8 73. Kd4 Nd6 74. Bg4 Ne8 75. Ke5 Kf7 76. Bh5+ 1-0

[Event "8th GM"]
[Site "Banja Luka BIH"]
[Date "2007.07.29"]
[Round "8"]
[White "Stojanovic, Mih"]
[Black "Andersson, U."]
[Result "1/2-1/2"]
[WhiteElo "2601"]
[BlackElo "2520"]
[PlyCount "100"]
[EventDate "2007.07.22"]

1. Nf3 Nf6 2. c4 b6 3. g3 c5 4. Bg2 Bb7 5. O-O e6 6. Nc3 Be7 7. d4 cxd4 8. Qxd4
O-O 9. Rd1 Nc6 10. Qf4 Qb8 11. b3 Rd8 12. Bb2 a6 13. Rd2 Ra7 14. Qxb8 Rxb8 15.
Ng5 Ba8 16. Nge4 b5 17. Nxf6+ Bxf6 18. c5 Be7 19. Ne4 f5 20. Nd6 Nb4 21. Rad1
Bxg2 22. Kxg2 Nc6 23. e4 fxe4 24. Nxe4 Rbb7 25. a3 Kf7 26. g4 Rc7 27. Rd3 Kg6
28. f4 Kf7 29. f5 Kg8 30. f6 gxf6 31. Bxf6 Bf8 32. g5 Bg7 33. h4 Ne5 34. Bxe5
Bxe5 35. R1d2 h6 36. Kh3 hxg5 37. hxg5 Kg7 38. Kg4 Kg6 39. Rd1 Bg7 40. b4 a5
41. Kf4 axb4 42. axb4 Rcb7 43. R1d2 Rc7 44. Rd1 Rcb7 45. Kg4 Be5 46. Nd2 Ra4
47. Rb1 Rc7 48. Ne4 Rc8 49. Kf3 Rf8+ 50. Ke3 Bf4+ 1/2-1/2

[Event "8th GM"]
[Site "Banja Luka BIH"]
[Date "2007.07.30"]
[Round "9"]
[White "Korchnoi, V."]
[Black "Ilincic, Z."]
[Result "1/2-1/2"]
[WhiteElo "2610"]
[BlackElo "2509"]
[PlyCount "27"]
[EventDate "2007.07.22"]

1. e4 e5 2. Nf3 Nf6 3. Nxe5 d6 4. Nf3 Nxe4 5. Qe2 Qe7 6. d3 Nf6 7. Bg5 Qxe2+ 8.
Bxe2 Be7 9. Nc3 c6 10. Ne4 Nxe4 11. dxe4 Bxg5 12. Nxg5 h6 13. Nf3 Nd7 14. Rd1
1/2-1/2

[Event "8th GM"]
[Site "Banja Luka BIH"]
[Date "2007.07.30"]
[Round "9"]
[White "Andersson, U."]
[Black "Narancic, V."]
[Result "1/2-1/2"]
[WhiteElo "2520"]
[BlackElo "2344"]
[PlyCount "22"]
[EventDate "2007.07.22"]

1. Nf3 Nf6 2. b3 g6 3. Bb2 Bg7 4. g3 O-O 5. Bg2 d6 6. d4 Nbd7 7. O-O c5 8. c4
cxd4 9. Nxd4 Qb6 10. Nc3 Nc5 11. Rb1 Bd7 1/2-1/2

[Event "8th GM"]
[Site "Banja Luka BIH"]
[Date "2007.07.30"]
[Round "9"]
[White "Jakovljevic, Vlado"]
[Black "Stojanovic, Mih"]
[Result "0-1"]
[WhiteElo "2440"]
[BlackElo "2601"]
[PlyCount "72"]
[EventDate "2007.07.22"]

1. Nf3 Nf6 2. c4 e6 3. Nc3 Bb4 4. Qc2 c5 5. a3 Ba5 6. g3 Nc6 7. Bg2 O-O 8. O-O
d6 9. b3 e5 10. Bb2 Bg4 11. e3 Qd7 12. Nh4 Bxc3 13. Bxc3 d5 14. f4 d4 15. fxe5
Nxe5 16. exd4 cxd4 17. Bb2 Bh3 18. Rf4 Bxg2 19. Kxg2 Qc6+ 20. Kg1 d3 21. Qd1
Rfe8 22. Qf1 Nfd7 23. Nf3 Qb6+ 24. Bd4 Qxb3 25. Nxe5 Nxe5 26. Rb1 Qxa3 27. Bxe5
Rxe5 28. Rxb7 f6 29. Qf3 Qc1+ 30. Kg2 Qxd2+ 31. Kh3 Qe2 32. Rxg7+ Kxg7 33. Rg4+
Rg5 34. Rxg5+ fxg5 35. Qb7+ Kg6 36. Qxa8 Qf1+ 0-1

[Event "8th GM"]
[Site "Banja Luka BIH"]
[Date "2007.07.30"]
[Round "9"]
[White "Solodovnichenko, Y."]
[Black "Ruck, R."]
[Result "0-1"]
[WhiteElo "2582"]
[BlackElo "2563"]
[PlyCount "82"]
[EventDate "2007.07.22"]

1. e4 c6 2. d4 d5 3. exd5 cxd5 4. c4 Nf6 5. Nc3 Nc6 6. Bg5 e6 7. c5 Be7 8. Bb5
O-O 9. Nf3 Ne4 10. Bxe7 Nxe7 11. Rc1 b6 12. c6 Qd6 13. O-O a6 14. Bd3 Nxc6 15.
Nxe4 dxe4 16. Bxe4 Bb7 17. Ne5 Na5 18. Bxh7+ Kxh7 19. Qh5+ Kg8 20. Rc3 f6 21.
Ng4 Rf7 22. Rfc1 Qd5 23. Nh6+ gxh6 24. Rg3+ Kf8 25. Qxh6+ Ke8 26. Rg7 Rc8 27.
Rg8+ Kd7 28. Rcxc8 Bxc8 29. Qh8 Qb7 30. d5 exd5 31. Qh3+ Kc7 32. Qg3+ Kc6 33.
Qc3+ Nc4 34. b3 Kc7 35. bxc4 Qc6 36. h4 Qxc4 37. Qg3+ Kb7 38. h5 Rc7 39. Rg7
Qc1+ 40. Kh2 Rxg7 41. Qxg7+ Qc7+ 0-1

[Event "8th GM"]
[Site "Banja Luka BIH"]
[Date "2007.07.30"]
[Round "9"]
[White "Savanovic, A."]
[Black "Vukic, M."]
[Result "1/2-1/2"]
[WhiteElo "2432"]
[BlackElo "2481"]
[PlyCount "48"]
[EventDate "2007.07.22"]

1. e4 c5 2. Nf3 e6 3. d4 cxd4 4. Nxd4 Nf6 5. Nc3 Nc6 6. Ndb5 d6 7. Bf4 e5 8.
Bg5 a6 9. Na3 b5 10. Nd5 Be7 11. Bxf6 Bxf6 12. c3 Bg5 13. Nc2 Ne7 14. a4 bxa4
15. Ncb4 O-O 16. Qxa4 a5 17. Bc4 Bd7 18. Nxe7+ Qxe7 19. Nd5 Qd8 20. Qa3 Rc8 21.
b3 Rc5 22. O-O a4 23. Qb4 axb3 24. Bxb3 Be6 1/2-1/2